| 000 | 00544nam a2200169 i 4500 | ||
|---|---|---|---|
| 001 | 42990 | ||
| 003 | ES-MaACL | ||
| 005 | 20230906160720.0 | ||
| 007 | t| | ||
| 008 | 030314s1975 ve ||||1| spa d | ||
| 100 | 1 |
_aCastro, José Antonio. _936866 |
|
| 245 | 1 | 3 |
_aEl proceso creador / _cJosé Antonio Castro. |
| 260 |
_aMaracaibo : _bUniversidad del Zulia, Centro de Estudios Literarios, _c1975. |
||
| 300 |
_a148 p. ; _c22 cm. |
||
| 710 | 2 |
_aUniversidad del Zulia. _bCentro de Estudios Literarios. _97370 |
|
| 852 |
_aES-MaACL _jA-5640 _bR.94561 |
||
| 999 |
_c42990 _d42990 |
||